Mario Kart WII personnages - Statistiques

Statistiques générales
  • Ce quiz a été pris 735 fois
  • Le résultat moyen est 20 sur 25
Statistiques - réponses
Numéros Personnages % Correct
2 Luigi
99%
1 Mario
99%
3 Peach
98%
10 Bowser
96%
23 Daisy
92%
11 Toad
90%
7 Wario
90%
8 Waluigi
89%
6 Yoshi
88%
9 Donkey kong
87%
4 Bébé mario
84%
14 Bébé luigi
81%
5 Bébé peach
80%
20 Harmonie
79%
12 Koopa
77%
19 Diddy Kong
76%
24 Bébé Daisy
72%
15 Toadette
70%
18 Bowser Jr
68%
22 Funky Kong
67%
16 Roi Boo
66%
17 Skelerex
66%
25 MII
65%
13 Birdo
63%
21 Bowser Skelet
47%
Aucun quiz correspondant
Distribution des résultats
% des personnes avec chaque résultat
Percentile par nombre de réponses
Votre historique - résultats
Vous n’avez pas pris ce quiz